00575cam a2200193 a 45000010009000000050017000090080041000260100017000670200031000840200025001150400018001400410008001580420008001660800018001740820022001921000007002141010008002212450152002291625083720171222071646.0100525s2011 maua f 000 0 eng  a 2010929465 a9780312601539 (alk. paper) a9780312601591 (pbk.) aDLCcDLCdDLC aeng apcc a808.0427 KEN00a808.0427 KEN223 a46 aEDU04aThe Bedford guide for college writers with reader, research manual, and handbook /c[edited by] X. J. Kennedy, Dorothy M. Kennedy, Marcia F. Muth.